000 00334nam a2200145Ia 4500
005 20251222141805.0
008 251222s9999||||xx |||||||||||||| ||spa||
020 _a968-422-749-3
082 _a658/C48
100 _aCerto, Samuel C.
245 0 _aAdministración Moderna
250 _a2a.ed.
264 _bMcGRAW-HILL
942 _cLIB
999 _c6275
_d6275